| 000 | 00544 a2200193 4500 | ||
|---|---|---|---|
| 001 | 130856 | ||
| 020 | _a85-224-0408-9 | ||
| 040 | _cLeonardo Da Vinci | ||
| 041 | _aPortuguês | ||
| 082 |
_a658.802 M837m _bM837m |
||
| 100 | _aMOREIRA, José Carlos Teixeira | ||
| 245 | _aMarketing industrial | ||
| 250 | _a2.ed | ||
| 260 |
_bAtlas _c1995 _aSão Paulo |
||
| 300 | _a229 | ||
| 362 | _a19950000 | ||
| 697 |
_aAdministração _aMarketing _aMarketing industrial _aServiços ao cliente _aProduto _aDistribuição _aConsumidor _aFIPEN |
||
| 942 | _cBK | ||
| 999 |
_c130856 _d130856 |
||